000
00310nam a22001337a 4500
008
170728b xxu||||| |||| 00| 0 eng d
020
_a
3768511944
041
_a
eng
080
_a
004
100
_a
31
101
_a
SHKI
245
_a
NEUE DIENSTE IM INTELLIGENTEN TELEFONNETZ
_c
DECKER, R.V
942
_2
udc
_c
BK
999
_c
22096
_d
22096